Java XML programmer's reference / (Record no. 35677)

MARC details
000 -LEADER
fixed length control field 00539nam a22001817a 4500
005 - DATE AND TIME OF LATEST TRANSACTION
control field 20240503141433.0
008 - FIXED-LENGTH DATA ELEMENTS--GENERAL INFORMATION
fixed length control field 240503b |||||||| |||| 00| 0 eng d
020 ## - INTERNATIONAL STANDARD BOOK NUMBER
ISBN 9781861005205
082 ## - DEWEY DECIMAL CLASSIFICATION NUMBER
Classification number 006.74
Item number AKI-J
100 ## - MAIN ENTRY--AUTHOR
Author Name Mohammad Akif
245 ## - TITLE STATEMENT
Title Java XML programmer's reference /
Statement of responsibility, etc. Steven Broadhead,Andrei Cioroianu
260 ## - PUBLICATION, DISTRIBUTION, ETC.
Place of Publication india:
Name of publisher, distributor, etc. Wrox,
Date of publication, distribution, etc. 2016.
300 ## - PHYSICAL DESCRIPTION
Pages xxiii, 831 p. :
500 ## - GENERAL NOTE
General note include index.
650 ## - SUBJECT ADDED ENTRY--TOPICAL TERM
Subject / Department computer science/ Java programming Language
700 ## - ADDED ENTRY--PERSONAL NAME
Personal name Steven Broadhead,
300 ## - PHYSICAL DESCRIPTION
-- ill;
-- 24 cm.
952 ## - LOCATION AND ITEM INFORMATION (KOHA)
-- 0
-- 0
Holdings
Lost status Damaged status Collection code Permanent Location Current Location Shelving Location Date acquired Full Call Number Accession No./Barcode Date last seen item type Koha item type
    CS/IT Superior Information Resource Center (SIRC) Superior University- Gold Campus Superior Information Resource Center (SIRC) Superior University- Gold Campus Java programming language 05/03/2024 006.74 AKI-J 2016 16906 05/03/2024 BOOK BOOK

Powered by Koha